Normal view MARC view

Entry Nombre personal

Number of records used in: 5

001 - NÚMERO DE CONTROL

  • campo de control: 226571

003 - IDENTIFICADOR DE NÚMERO DE CONTROL

  • campo de control: SpMaBN

005 - FECHA Y HORA DE LA ÚLTIMA TRANSACCIÓN

  • campo de control: 20230602140318.0

008 - ELEMENTOS DE DATO DE LONGITUD-FIJA

  • campo de control de longitud fija: 901120n| aijnnaabn a aaa

016 ## - NÚMERO DE CONTROL DE UNA AGENCIA BIBLIOGRÁFICA NACIONAL

  • Número de control del registro: BNE19900005005

024 7# - IDENTIFICADOR DE OTROS ESTÁNDARES

  • Número estándar o código: https://isni.org/isni/0000000059433821
  • Fuente: isni

024 7# - IDENTIFICADOR DE OTROS ESTÁNDARES

  • Número estándar o código: http://viaf.org/viaf/40646353/
  • Fuente: viaf

040 ## - FUENTE DE CATALOGACIÓN

  • Centro catalogador/agencia de origen: SpMaBN
  • Lengua de catalogación: spa
  • Centro/agencia transcriptor: SpMaBN
  • Normas de descripción: rdc
  • Convención/Normas de encabezamiento de materia/tesauro: embne
  • Centro/agencia modificador: ES-MaACL

046 ## - FECHAS CON CODIFICACIÓN ESPECIAL

  • Fecha de nacimiento: 1949-08-05

100 1# - ENCABEZAMIENTO-NOMBRE DE PERSONA

  • Nombre de persona: Abellán, José María,
  • Fechas asociadas al nombre: 1949-

370 ## - LUGAR ASOCIADO

  • Lugar de nacimiento: España, Cantabria (Comunidad Autónoma), Santander
  • Fuente del término: embne

372 ## - CAMPO DE ACTIVIDAD

  • Campo de actividad: Poesias
  • Fuente del término: tgfbne

374 ## - OCUPACIÓN

  • Ocupación: Poetas
  • Ocupación: Profesores
  • Fuente del término: embne

375 ## - GÉNERO/SEXO

  • Género: Masculino

377 ## - IDIOMA ASOCIADO

  • Término de lengua/lenguaje: Español

400 1# - TRAZADO DE VÉASE--NOMBRE DE PERSONA

  • Nombre de persona: Abellán López, José María,
  • Fechas asociadas al nombre: 1949-

670 ## - FUENTE DE DATOS ENCONTRADOS

  • Cita de la fuente: El mito de la fe, 1995;
  • Información encontrada: port. (José María Abellán) cub. (n. 5-8-1949, Santander; estudió magisterio en Cuenca)

670 ## - FUENTE DE DATOS ENCONTRADOS

  • Cita de la fuente: Voces, 1993;
  • Información encontrada: port. (José María Abellán López)

670 ## - FUENTE DE DATOS ENCONTRADOS

  • Cita de la fuente: A un lado y al otro del arco iris, 2011;
  • Información encontrada: port. (José María Abellán López)

670 ## - FUENTE DE DATOS ENCONTRADOS

  • Cita de la fuente: WWW Las Noticias de Cuenca, 20-9-2018;
  • Información encontrada: 4-7-2013 (José María Abellán López. Escritor y poeta, docente y exdirector del Colegio Federico Muelas)
  • Identificador Uniforme de Recursos: http://www.lasnoticiasdecuenca.es/cuenca/jose-maria-abellan-lo pez-sera-pregonero-feria-y-fiestas-san-julian-2013-983

670 ## - FUENTE DE DATOS ENCONTRADOS

  • Cita de la fuente: WWW Bn España aut., 2-6-2023;
  • Información encontrada: (Abellán, José María, 1949-)

955 ## - CATALOGADOR - EDICIÓN

  • Nombre del catalogador: Julia Mas Vieira